01009nab a2200301 uc450000100070000000500170000700800410002403500110006503500210007604000130009704100080011010000290011824500490014765000250019665000350022165000240025665000290028065000110030965000360032065000360035665000290039265000360042165000250045765000300048270000280051270000310054077301360057171271920241126090512.0011213e19980301 eng  a712719 a(OCoLC)819927841 ccomduadb aeng10aKozminsky, Ely4auteaut10aTeaching translation in Israeli high schools aTranslation teaching 0aEnseñanza de la traducción aTranslation studies 0aEstudios de traducción aIsrael aTraduccion del ingles al hebreo aTranslation english into hebrew aCommunicative competence 7aCompetencia comunicativa2embne aTranslation problems aProblemas de traducción10aWeizman, Elda4auteaut10aHorowitz, Hannah4auteaut0 tMeta : Journal des Traducteurs : Translators' Journal (Canadá)gVol. 43, No. 01, Mar. 1998, p. 119-129w688018x0026-04520212758